gender and society (Record no. 14569)

MARC details
000 -LEADER
fixed length control field 00351nam a22001577a 4500
003 - CONTROL NUMBER IDENTIFIER
control field OSt
005 - DATE AND TIME OF LATEST TRANSACTION
control field 20211025095232.0
008 - FIXED-LENGTH DATA ELEMENTS--GENERAL INFORMATION
fixed length control field 211025b |||||||| |||| 00| 0 eng d
020 ## - INTERNATIONAL STANDARD BOOK NUMBER
International Standard Book Number 0198297920
040 ## - CATALOGING SOURCE
Transcribing agency hu
100 ## - MAIN ENTRY--PERSONAL NAME
Personal name the herbbert
9 (RLIN) 15227
245 ## - TITLE STATEMENT
Title gender and society
260 ## - PUBLICATION, DISTRIBUTION, ETC.
Place of publication, distribution, etc. asfrica
Name of publisher, distributor, etc. hall
300 ## - PHYSICAL DESCRIPTION
Extent 205
942 ## - ADDED ENTRY ELEMENTS (KOHA)
Source of classification or shelving scheme Dewey Decimal Classification
Koha item type Books like text book referance book
Suppress in OPAC No
Holdings
Withdrawn status Lost status Source of classification or shelving scheme Damaged status Not for loan Home library Current library Shelving location Date acquired Total Checkouts Full call number Barcode Date last seen Copy number Price effective from Koha item type
    Dewey Decimal Classification     Social Library Social Library General Stacks 10/25/2021   305.3/gen SHLIB000022204 10/25/2021 3 10/25/2021 Books like text book referance book